logo

Bir Sreshtho Munshi Abdur Rouf Library
Jhenaidah Cadet College

ইমোশনাল ইন্টেলিজেন্স : (Record no. 12527)

MARC details
000 -LEADER
fixed length control field 01032nam a2200229 a 4500
001 - CONTROL NUMBER
JCCL Control Number 12527
003 - CONTROL NUMBER IDENTIFIER
JCCL marc code BD-JhCC
005 - DATE AND TIME OF LATEST TRANSACTION
control field 20220616130730.0
008 - FIXED-LENGTH DATA ELEMENTS--GENERAL INFORMATION
fixed length control field 220616s2022 bg a|||| |||| 000 0 ban d
020 ## - INTERNATIONAL STANDARD BOOK NUMBER
International Standard Book Number 9789849625209
035 ## - SYSTEM CONTROL NUMBER
system control number (BD-JhCC)12527
040 ## - CATALOGING SOURCE
Original cataloging agency BD-JhCC
Modifying agency BD-JhCC
041 ## - LANGUAGE CODE
Language code of Book ban
082 ## - DEWEY DECIMAL CLASSIFICATION NUMBER
Classification number 152.4
Author mark and Year ASH 2022
100 ## - MAIN ENTRY--PERSONAL NAME
Personal name আশরাফ, সায়েদ
245 ## - TITLE STATEMENT
Title ইমোশনাল ইন্টেলিজেন্স :
Remainder of title যেকোনো পরিস্থিতিকে হাতের মুঠোয় রাখার উপায় /
Statement of responsibility, etc সায়েদ আশরাফ এবং নাসরিন সুলতানা শীলা
260 ## - PUBLICATION, DISTRIBUTION, ETC. (IMPRINT)
Place of publication, distribution, etc ঢাকা :
Name of publisher, distributor, etc আদর্শ,
Date of publication, distribution, etc ২০২২।
300 ## - PHYSICAL DESCRIPTION
Pagination ১৫৮ পৃ. :
Other physical details চিত্রাবলী সংযোজিত,
Dimensions ২১ সেমি.
504 ## - BIBLIOGRAPHY, ETC. NOTE
Bibliography, etc গ্রন্থপঞ্জি অন্তর্ভূক্ত।
700 ## - ADDED ENTRY--PERSONAL NAME
Personal name শীলা, নাসরিন সুলতানা
942 ## - ADDED ENTRY ELEMENTS (KOHA)
Source of classification or shelving scheme Dewey Decimal Classification
Koha item type Books
Holdings
Source of classification or shelving scheme Damaged status Not for loan Home library Current library Shelving location Date of accession Cost, normal purchase price Total Checkouts Full call number Barcode Date last seen Date checked out Copy number Koha item type
Dewey Decimal Classification     JCC Rouf Library JCC Rouf Library General Stacks 06/16/2022 259.00 1 152.4 ASH 2022 17403 08/09/2023 07/19/2023 C-1 Books

JCC Library | Contacts | JCC Home

Last Update on 23 September 2017
Copyright @ 2017-2020 JCC Rouf Library
Rouf Library, Jhenidah Cadet College (JCC), Bangladesh